|
|
|
|
| LEADER |
00987pam a22002658a 4500 |
| 001 |
00031563 |
| 005 |
20171026081025.0 |
| 008 |
131224s2013 ||||||engsd |
| 041 |
0 |
# |
|a eng
|
| 082 |
1 |
4 |
|a 428
|b M207C
|
| 100 |
1 |
# |
|a Ngo, Ai Tuong
|
| 245 |
0 |
0 |
|a Methodology course (2)
|b Teaching language components and skills
|c Ngo Ai Tuong
|
| 260 |
# |
# |
|a Đồng Tháp
|b [kxd]
|c 2013
|
| 300 |
# |
# |
|a v,114 tr.
|c 27cm.
|e 1 CD
|
| 500 |
# |
# |
|a ĐTTS ghi: Dong Thap University. Foreign language department
|
| 653 |
# |
# |
|a English
|
| 653 |
# |
# |
|a Teaching language
|
| 653 |
# |
# |
|a Methodology course
|
| 852 |
# |
# |
|b Kho giáo trình
|j KGT.0042146, KGT.0042147, KGT.0042148, KGT.0042149
|
| 852 |
# |
# |
|b Kho mượn
|j KGT.0042146, KGT.0053092
|
| 852 |
# |
# |
|b Kho đọc
|j KD.0015200, KD.0022342
|
| 852 |
# |
# |
|j KGT.0042146
|j KGT.0042148
|j KGT.0042149
|j KD.0015200
|j KD.0022342
|j KGT.0042147
|
| 910 |
|
|
|d 24/12/2013
|
| 980 |
# |
# |
|a Trung tâm Học liệu Lê Vũ Hùng, Trường Đại học Đồng Tháp
|